| 000 | 00825 a2200217 4500 | ||
|---|---|---|---|
| 008 | 130821s2011 mx a gr spa | ||
| 020 | _a9786071606563 | ||
| 040 |
_aCO-BoUCM _bspa _cAngélica Chartano _dAldemar Mondragón |
||
| 041 | 0 | 0 | _aspa |
| 100 | 1 |
_aArciniegas, Triunfo _939724 |
|
| 245 | 1 | 3 |
_aEl rabo de Paco _cTriunfo Arciniegas ; ilustrado por Óscar Soacha |
| 260 |
_aMéxico D.F. (México) _bFondo de Cultura Económica _c2011 |
||
| 300 |
_a[32] páginas _bilustraciones a color |
||
| 490 | _aLos primerísimos | ||
| 650 | 7 |
_aLibros ilustrados para niños _918516 |
|
| 650 | 7 |
_aLiteratura infantil colombiana _918681 |
|
| 690 | _aLiteratura colombiana | ||
| 700 | 1 |
_aSoacha, Óscar _eilustrador _940688 |
|
| 942 |
_cLIBRO _a18 _e1 _kC _mA674r _2DEWEY _h868.44 _n0 |
||
| 999 |
_c167234 _d167234 |
||